Bajo un cielo cuadrado (Record no. 198225)

MARC details
000 -LEADER
campo de control de longitud fija 00976nam a22002654a 4500
001 - NÚMERO DE CONTROL
campo de control 198225
005 - FECHA Y HORA DE LA ÚLTIMA TRANSACCIÓN
campo de control 20260528183558.0
008 - DATOS DE LONGITUD FIJA--INFORMACIÓN GENERAL
campo de control de longitud fija 260414b2026 sp ||||| |||| 00| 0 spa d
017 ## - NÚMERO DE COPYRIGHT O DE DEPÓSITO LEGAL
Número de copyright o de depósito legal M 4582-2026
020 ## - NÚMERO INTERNACIONAL ESTÁNDAR DEL LIBRO
Número Internacional Estándar del Libro 978-84-09-71479-7
040 ## - FUENTE DE CATALOGACIÓN
Lengua de catalogación spa
Centro/agencia transcriptor ES-MaACL
100 ## - ENTRADA PRINCIPAL--NOMBRE DE PERSONA
Nombre de persona Serifi Villar, Mohammed
9 (RLIN) 242988
245 ## - MENCIÓN DEL TÍTULO
Título Bajo un cielo cuadrado
250 ## - MENCION DE EDICION
Mención de edición Primera Edición: marzo 2026
300 ## - DESCRIPCIÓN FÍSICA
Extensión 292 páginas
Dimensiones 21 cm
336 ## - TIPO DE CONTENIDO
Fuente rdacontent
Término de tipo de contenido texto
337 ## - TIPO DE MEDIO
Fuente rdamedia
Nombre/término del tipo de medio sin mediación
338 ## - TIPO DE SOPORTE
Fuente rdacarrier
Nombre/término del tipo de soporte volumen
500 ## - NOTA GENERAL
Nota general Registro provisional. A-16110. Depósito 1
852 ## - LOCALIZACIÓN
Ubicación ES-MaACL
Ubicación en estantería Depósito 1
Número de control de estantería A-16110
Anotaciones manuscritas Dedicatoria autógrafa del autor
Donativo/Legado Donación: Mohammed Serifi Villar
Encuadernación Encuadernación rustica con solapas
Nota libre En proceso
942 ## - ELEMENTOS DE ENTRADA SECUNDARIOS (KOHA)
Fuente del sistema de clasificación o colocación Clasificación decimal universal
Tipo de ítem Koha Libro impreso
Suprimir en OPAC No

No items available.